[Event "Logumkloster-chA"]
[Site "Logumkloster"]
[Date "2011.05.03"]
[Round "4"]
[White "Jakobsen, Vagn Lynge"]
[Black "Baagoe, Hans Chr"]
[Result "1-0"]
[WhiteElo "1857"]
[BlackElo "1640"]
[PlyCount "99"]
[EventDate "2011.04.05"]
[EventType "tourn"]
[EventRounds "5"]
[EventCountry "DEN"]
[SourceTitle "EXT 2023"]
[Source "ChessBase"]
[SourceDate "2022.10.05"]
[SourceVersion "1"]
[SourceVersionDate "2022.10.05"]
[SourceQuality "1"]

1. d4 d5 2. c4 dxc4 3. Nc3 e6 4. e4 h6 5. Bxc4 a6 6. a4 Nc6 7. Nge2 Bb4 8. 0-0 Nge7 9. Be3 0-0 10. f4 Ng6 11. Rf3 Nce7 12. Na2 Ba5 13. b4 Bb6 14. Nac3 a5 15. b5 c6 16. Rb1 f5 17. Qb3 fxe4 18. Bxe6+ Bxe6 19. Qxe6+ Kh8 20. Qxe4 Nf5 21. bxc6 bxc6 22. Bf2 Qc7 23. d5 Bxf2+ 24. Rxf2 Rae8 25. Qc4 c5 26. Nb5 Qe7 27. Rc1 Rc8 28. Qc3 Qe4 29. Qc4 Nd4 30. Nd6 Nxe2+ 31. Rxe2 Qxc4 32. Rxc4 Rcd8 33. f5 Rxd6 34. fxg6 Rxd5 35. h3 Rd6 36. Rxc5 Rxg6 37. Rxa5 Rgf6 38. Ra7 Rf1+ 39. Kh2 R1f7 40. Rxf7 Rxf7 41. Kg3 Ra7 42. Re4 Ra5 43. Kf4 g6 44. Ke3 Kg7 45. Kd4 Kf6 46. g4 h5 47. Kc3 hxg4 48. hxg4 g5 49. Kb4 Re5 50. Rxe5 1-0

[Event "Logumkloster-chA"]
[Site "Logumkloster"]
[Date "2009.05.12"]
[Round "4"]
[White "Falsig, Niels"]
[Black "Jakobsen, Vagn Lynge"]
[Result "1/2-1/2"]
[WhiteElo "1860"]
[BlackElo "1891"]
[PlyCount "73"]
[EventDate "2009.04.21"]
[EventType "tourn"]
[EventRounds "5"]
[EventCountry "DEN"]
[SourceTitle "EXT 2023"]
[Source "ChessBase"]
[SourceDate "2022.10.05"]
[SourceVersion "1"]
[SourceVersionDate "2022.10.05"]
[SourceQuality "1"]

1. d4 Nf6 2. Nf3 e6 3. c4 c5 4. d5 exd5 5. cxd5 d6 6. Nc3 g6 7. e4 Bg7 8. h3 0-0 9. Bd3 Re8 10. 0-0 Nbd7 11. Bf4 Ne5 12. Nxe5 dxe5 13. Be3 b6 14. Rb1 Bd7 15. b4 cxb4 16. Rxb4 Bf8 17. Rb3 Qe7 18. Qd2 Nh5 19. Be2 Ng7 20. Rc1 Rec8 21. Ba6 Rc7 22. Nb5 Rxc1+ 23. Qxc1 Ne8 24. Nc7 Rb8 25. Nxe8 Bxe8 26. Rc3 Qb4 27. Qc2 Ba4 28. Qd3 Bd6 29. Bh6 Qd4 30. Qf3 Qd1+ 31. Qxd1 Bxd1 32. Rc6 Bc5 33. d6 Ba4 34. Rc7 Bxd6 35. Rxa7 Bc6 36. Bc4 Be8 37. Bd5 1/2-1/2

[Event "Logumkloster-ch Basis 1"]
[Site "Logumkloster"]
[Date "2008.05.13"]
[Round "5"]
[White "Jensen, Godtfred Sloth"]
[Black "Jakobsen, Vagn Lynge"]
[Result "0-1"]
[WhiteElo "1886"]
[BlackElo "1838"]
[PlyCount "82"]
[EventDate "2008.04.15"]
[EventType "tourn"]
[EventRounds "5"]
[EventCountry "DEN"]
[SourceTitle "EXT 2023"]
[Source "ChessBase"]
[SourceDate "2022.10.05"]
[SourceVersion "1"]
[SourceVersionDate "2022.10.05"]
[SourceQuality "1"]

1. e4 e5 2. Nf3 Nc6 3. Bb5 Nf6 4. 0-0 Nxe4 5. Re1 Nd6 6. Nxe5 Nxe5 7. Rxe5+ Be7 8. Nc3 0-0 9. Ba4 c6 10. d4 Nc4 11. Re1 d5 12. a3 Bd6 13. Qf3 Qc7 14. g3 Bd7 15. b4 Rae8 16. Ne2 Qc8 17. Bb3 Bg4 18. Qd3 Qe6 19. f3 Bf5 20. Qc3 Qg6 21. Kf2 b5 22. a4 a6 23. axb5 axb5 24. Ra6 Bc8 25. Ra1 Qh5 26. h4 Qf5 27. Bxc4 bxc4 28. Bf4 Be7 29. Rh1 Qd7 30. Qd2 Qb7 31. c3 Bf5 32. g4 Bd3 33. Nc1 Ra8 34. Rxa8 Rxa8 35. Nxd3 cxd3 36. Qxd3 Ra3 37. Be3 Ra2+ 38. Kg3 Bd6+ 39. f4 Qb5 40. Qf5 Qe2 41. Bd2 Rxd2 0-1